<?xml version='1.0' encoding='UTF-8'?>
  <record xmlns="http://www.loc.gov/MARC21/slim">
    <leader>00000cam a22000007i 4500</leader>
    <controlfield tag="001">on1294400856</controlfield>
    <controlfield tag="003">OCoLC</controlfield>
    <controlfield tag="005">20240710162710.2</controlfield>
    <controlfield tag="008">220201s1576    fr            000 0 ger d</controlfield>
    <datafield tag="040" ind1=" " ind2=" ">
      <subfield code="a">QGK</subfield>
      <subfield code="b">eng</subfield>
      <subfield code="e">rda</subfield>
      <subfield code="e">dcrmr</subfield>
      <subfield code="c">QGK</subfield>
      <subfield code="d">OCLCA</subfield>
      <subfield code="d">OCLCL</subfield>
      <subfield code="d">QGJ</subfield>
      <subfield code="d">OCLCO</subfield>
      <subfield code="d">QGJ</subfield>
      <subfield code="d">OCLCA</subfield>
      <subfield code="d">QGJ</subfield>
      <subfield code="d">OCLCQ</subfield>
    </datafield>
    <datafield tag="035" ind1=" " ind2=" ">
      <subfield code="a">(OCoLC)1294400856</subfield>
    </datafield>
    <datafield tag="245" ind1="0" ind2="0">
      <subfield code="a">Herliche Medicische Tractat, vor nie in Truck kommen. Von Cur des Podagrams, des Hocherfarnen alten Medici, Arnaldi de Villa Nova. :</subfield>
      <subfield code="b">Item Vom Holz des Lebens. Vom Goldöl. Antimonij öl vnd Wein. Von den Tugenden des Perlen, Corallen vnd Spiritus vini. Von der Pestilenz, vnd andern nützlichen materien, welche die vorred andeitet. /</subfield>
      <subfield code="c">Nunmals erst durch den Ehrnvesten vnd hochgelehrten Herrn, Heinricum Wolffium, Doctor, vnd Physicum zu Nörnberg, männiglichem zu gutem in truck verfärtiget.</subfield>
    </datafield>
    <datafield tag="264" ind1=" " ind2="1">
      <subfield code="a">Zu Strasburg :</subfield>
      <subfield code="b">bei Bernhart Jobin,</subfield>
      <subfield code="c">Anno 1576.</subfield>
    </datafield>
    <datafield tag="300" ind1=" " ind2=" ">
      <subfield code="a">124 unnumbered leaves ;</subfield>
      <subfield code="c">16 cm (8vo)</subfield>
    </datafield>
    <datafield tag="336" ind1=" " ind2=" ">
      <subfield code="a">text</subfield>
      <subfield code="b">txt</subfield>
      <subfield code="2">rdacontent</subfield>
    </datafield>
    <datafield tag="337" ind1=" " ind2=" ">
      <subfield code="a">unmediated</subfield>
      <subfield code="b">n</subfield>
      <subfield code="2">rdamedia</subfield>
    </datafield>
    <datafield tag="338" ind1=" " ind2=" ">
      <subfield code="a">volume</subfield>
      <subfield code="b">nc</subfield>
      <subfield code="2">rdacarrier</subfield>
    </datafield>
    <datafield tag="340" ind1=" " ind2=" ">
      <subfield code="m">8vo</subfield>
      <subfield code="2">rdabf</subfield>
    </datafield>
    <datafield tag="500" ind1=" " ind2=" ">
      <subfield code="a">Title page printed in red and black.</subfield>
    </datafield>
    <datafield tag="500" ind1=" " ind2=" ">
      <subfield code="a">Signatures: )(⁸ A-O⁸ P⁴.</subfield>
    </datafield>
    <datafield tag="500" ind1=" " ind2=" ">
      <subfield code="a">Includes initials and printed marginalia.</subfield>
    </datafield>
    <datafield tag="500" ind1=" " ind2=" ">
      <subfield code="a">Also on title page: Privilegio Caesaro.</subfield>
    </datafield>
    <datafield tag="505" ind1="0" ind2="0">
      <subfield code="t">Dialogus oder Gesprech, Lignum vitae, das ist, das Holz des Lebens /</subfield>
      <subfield code="r">[Giovanni Braccesco] --</subfield>
      <subfield code="t">Ob das Podagram möglich zugenären oder nicht ... /</subfield>
      <subfield code="r">Dominicus Burgauer --</subfield>
      <subfield code="t">Die Prevision für die Glidsucht /</subfield>
      <subfield code="r">Johannes Vogt --</subfield>
      <subfield code="t">Cur und Hailung des Podagrams /</subfield>
      <subfield code="r">Arnaldus de Villanova --</subfield>
      <subfield code="t">Von krafft und tugent der Zipperlins, oder Flüss Pillulen /</subfield>
      <subfield code="r">Arnaldus de Villanova --</subfield>
      <subfield code="t">Auri Potabilis praeparatio /</subfield>
      <subfield code="r">Fratris Lucanus, Carthusiensis --</subfield>
      <subfield code="t">Von dem Auro potabili /</subfield>
      <subfield code="r">Wolffen Geuss --</subfield>
      <subfield code="t">Andere Schrifft /</subfield>
      <subfield code="r">Wolff Geusen --</subfield>
      <subfield code="t">Des Auri potabilis oder trinckliche[n] Golds herliche tugent /</subfield>
      <subfield code="r">Arnaldus de Villanova, Raimundus Lullius, Johannes de Rupescissa --</subfield>
      <subfield code="t">Kraft vnd tugent des Goldöls, Oleum Solis genant, ain kurtze summa aus den Hebraischen, auch sonst geschribenen vnd getruckten Büchern --</subfield>
      <subfield code="t">Ain anderer Tractat, von Krafft vnd Thugent des Antimonij öls, ain kurtze summa --</subfield>
      <subfield code="t">Spiritus vini. 18. Thugent, aus des hailigen Sanct Egydij Heremite Artzneibuch genomen --</subfield>
      <subfield code="t">Alchaij Philosophi liber, Salus vitae appellatus, de duodecium fructibus serpentis spoliati, &amp; in pulvere[m] combusti. deq[ue] eiusdem constellatione, quem Johannes Paulinus in Acadia civitate Aegyptiorum reperit, &amp; de Arabico in Latinum transtulit [Der Schlangenhaut Thugent und Kraft] --</subfield>
      <subfield code="t">Krafft vnd Thugent der Berlen Safft oder öl --</subfield>
      <subfield code="t">Kraft vnd thugent Quintae essentiae Liquoris vel solutionis Perlarum, Perlen öls --</subfield>
      <subfield code="t">Krafft vnd Thugent der Corallen.</subfield>
    </datafield>
    <datafield tag="520" ind1=" " ind2=" ">
      <subfield code="a">"A compilation of alchemical writings taken from different authors... The book begins with a German translation of Bracesco's "Legno della vita", followed by treatises on Gout by D. Burgauer, J. Vogt and extract from the writings of Arnaldus de Villanova. Then come tracts on Aurom potabile by Fr. Lucanus, Carthusiensis, Wolff Geuss, Aranaldus de Villanova, Ramon Llull and Johannes de Rupescissa, and on Gold Oil, Antimony Oil, Spirits of Wine, Snake Skin, Pearl Liquor, and Corals."--</subfield>
      <subfield code="c">Duveen, p. 626</subfield>
    </datafield>
    <datafield tag="510" ind1="4" ind2=" ">
      <subfield code="a">Verzeichnis der im deutschen Sprachbereich erschienenen Drucke des 16. Jahrhunderts (VD 16),</subfield>
      <subfield code="c">W 4192</subfield>
      <subfield code="u">https://gateway-bayern.de/VD16+W+4192</subfield>
    </datafield>
    <datafield tag="510" ind1="4" ind2=" ">
      <subfield code="a">Duveen, D.I. Bibliotheca alchemica et chemica,</subfield>
      <subfield code="c">p. 625-626</subfield>
    </datafield>
    <datafield tag="650" ind1=" " ind2="0">
      <subfield code="a">Alchemy</subfield>
      <subfield code="v">Early works to 1800.</subfield>
    </datafield>
    <datafield tag="650" ind1=" " ind2="0">
      <subfield code="a">Medicine, Magic, mystic, and spagiric</subfield>
      <subfield code="v">Early works to 1800.</subfield>
    </datafield>
    <datafield tag="650" ind1=" " ind2="0">
      <subfield code="a">Gout</subfield>
      <subfield code="v">Early works to 1800.</subfield>
    </datafield>
    <datafield tag="650" ind1=" " ind2="0">
      <subfield code="a">Elixir of life</subfield>
      <subfield code="v">Early works to 1800.</subfield>
    </datafield>
    <datafield tag="650" ind1=" " ind2="0">
      <subfield code="a">Gold</subfield>
      <subfield code="x">Therapeutic use</subfield>
      <subfield code="v">Early works to 1800.</subfield>
    </datafield>
    <datafield tag="650" ind1=" " ind2="0">
      <subfield code="a">Antimony</subfield>
      <subfield code="x">Therapeutic use</subfield>
      <subfield code="v">Early works to 1800.</subfield>
    </datafield>
    <datafield tag="650" ind1=" " ind2="0">
      <subfield code="a">Snakes</subfield>
      <subfield code="x">Therapeutic use</subfield>
      <subfield code="v">Early works to 1800.</subfield>
    </datafield>
    <datafield tag="650" ind1=" " ind2="0">
      <subfield code="a">Corals</subfield>
      <subfield code="x">Therapeutic use</subfield>
      <subfield code="v">Early works to 1800.</subfield>
    </datafield>
    <datafield tag="650" ind1=" " ind2="6">
      <subfield code="a">Alchimie</subfield>
      <subfield code="v">Ouvrages avant 1800.</subfield>
    </datafield>
    <datafield tag="650" ind1=" " ind2="6">
      <subfield code="a">Médecine magique, mystique et spagirique</subfield>
      <subfield code="v">Ouvrages avant 1800.</subfield>
    </datafield>
    <datafield tag="650" ind1=" " ind2="6">
      <subfield code="a">Goutte (Maladie)</subfield>
      <subfield code="v">Ouvrages avant 1800.</subfield>
    </datafield>
    <datafield tag="650" ind1=" " ind2="6">
      <subfield code="a">Élixir de longue vie</subfield>
      <subfield code="v">Ouvrages avant 1800.</subfield>
    </datafield>
    <datafield tag="650" ind1=" " ind2="6">
      <subfield code="a">Or</subfield>
      <subfield code="x">Emploi en thérapeutique</subfield>
      <subfield code="v">Ouvrages avant 1800.</subfield>
    </datafield>
    <datafield tag="650" ind1=" " ind2="6">
      <subfield code="a">Antimoine</subfield>
      <subfield code="x">Emploi en thérapeutique</subfield>
      <subfield code="v">Ouvrages avant 1800.</subfield>
    </datafield>
    <datafield tag="650" ind1=" " ind2="6">
      <subfield code="a">Serpents</subfield>
      <subfield code="x">Emploi en thérapeutique</subfield>
      <subfield code="v">Ouvrages avant 1800.</subfield>
    </datafield>
    <datafield tag="650" ind1=" " ind2="6">
      <subfield code="a">Coraux</subfield>
      <subfield code="x">Emploi en thérapeutique</subfield>
      <subfield code="v">Ouvrages avant 1800.</subfield>
    </datafield>
    <datafield tag="700" ind1="1" ind2=" ">
      <subfield code="a">Wolff, Heinrich,</subfield>
      <subfield code="d">1520-1581,</subfield>
      <subfield code="e">compiler.</subfield>
      <subfield code="4">com</subfield>
    </datafield>
    <datafield tag="700" ind1="1" ind2="2">
      <subfield code="i">Container of (expression):</subfield>
      <subfield code="a">Braccesco, Giovanni,</subfield>
      <subfield code="d">1481?-approximately 1555.</subfield>
      <subfield code="t">Legno della vita.</subfield>
      <subfield code="l">German.</subfield>
    </datafield>
    <datafield tag="700" ind1="1" ind2="2">
      <subfield code="i">Container of (work):</subfield>
      <subfield code="a">Burgauer, Dominicus,</subfield>
      <subfield code="d">active 1534-1543.</subfield>
      <subfield code="t">Ob das Podagram möglich zugenären oder nicht.</subfield>
    </datafield>
    <datafield tag="700" ind1="1" ind2="2">
      <subfield code="i">Container of (work):</subfield>
      <subfield code="a">Vogt, Johannes,</subfield>
      <subfield code="d">-1520.</subfield>
      <subfield code="t">Die Prevision für die Glidsucht.</subfield>
    </datafield>
    <datafield tag="700" ind1="0" ind2="2">
      <subfield code="i">Container of (expression):</subfield>
      <subfield code="a">Arnaldus,</subfield>
      <subfield code="c">de Villanova,</subfield>
      <subfield code="d">-1311.</subfield>
      <subfield code="t">Works.</subfield>
      <subfield code="k">Selections.</subfield>
      <subfield code="l">German.</subfield>
    </datafield>
    <datafield tag="700" ind1="0" ind2="2">
      <subfield code="i">Container of (expression):</subfield>
      <subfield code="a">Lucanus,</subfield>
      <subfield code="c">fratris Carthusiensis.</subfield>
      <subfield code="t">Auri Potabilis praeparatio.</subfield>
    </datafield>
    <datafield tag="700" ind1="1" ind2="2">
      <subfield code="i">Container of (work):</subfield>
      <subfield code="a">Geuss, Wolff.</subfield>
      <subfield code="t">Vom dem Auro potabili.</subfield>
    </datafield>
    <datafield tag="700" ind1="1" ind2="2">
      <subfield code="i">Container of (work):</subfield>
      <subfield code="a">Geuss, Wolff.</subfield>
      <subfield code="t">Works.</subfield>
      <subfield code="k">Selections.</subfield>
      <subfield code="f">1576</subfield>
    </datafield>
    <datafield tag="700" ind1="1" ind2=" ">
      <subfield code="a">Llull, Ramon,</subfield>
      <subfield code="d">1232?-1316,</subfield>
      <subfield code="e">contributor.</subfield>
      <subfield code="4">ctb</subfield>
    </datafield>
    <datafield tag="700" ind1="0" ind2=" ">
      <subfield code="a">Johannes,</subfield>
      <subfield code="c">de Rupescissa,</subfield>
      <subfield code="d">approximately 1300-approximately 1365,</subfield>
      <subfield code="e">contributor.</subfield>
      <subfield code="4">ctb</subfield>
    </datafield>
    <datafield tag="700" ind1="1" ind2=" ">
      <subfield code="a">Jobin, Bernhard,</subfield>
      <subfield code="d">approximately 1545-1593,</subfield>
      <subfield code="e">printer.</subfield>
      <subfield code="4">prt</subfield>
    </datafield>
    <datafield tag="700" ind1="0" ind2=" ">
      <subfield code="a">Maximilian</subfield>
      <subfield code="b">II,</subfield>
      <subfield code="c">Holy Roman Emperor,</subfield>
      <subfield code="d">1527-1576,</subfield>
      <subfield code="e">censor.</subfield>
      <subfield code="4">cns</subfield>
    </datafield>
    <datafield tag="740" ind1="0" ind2=" ">
      <subfield code="a">Des Auri potabilis oder trincklichen Golds herliche tugent.</subfield>
    </datafield>
    <datafield tag="740" ind1="0" ind2=" ">
      <subfield code="a">Kraft und tugent des Goldöls.</subfield>
    </datafield>
    <datafield tag="740" ind1="0" ind2=" ">
      <subfield code="a">Ain anderer Tractat, von Krafft und Thugent des Antimonij öls.</subfield>
    </datafield>
    <datafield tag="740" ind1="0" ind2=" ">
      <subfield code="a">Spiritus vini. 18. Thugent.</subfield>
    </datafield>
    <datafield tag="740" ind1="0" ind2=" ">
      <subfield code="a">Alchaij Philosophi liber, Salus vitae appellatus.</subfield>
    </datafield>
    <datafield tag="740" ind1="0" ind2=" ">
      <subfield code="a">Schlangenhaut Thugent vnd Kraft.</subfield>
    </datafield>
    <datafield tag="740" ind1="0" ind2=" ">
      <subfield code="a">Krafft und Thugent der Berlen Safft oder öl.</subfield>
    </datafield>
    <datafield tag="740" ind1="0" ind2=" ">
      <subfield code="a">Kraft und thugent Quintae essentiae Liquoris vel solutionis Perlarum, Perlen öls.</subfield>
    </datafield>
    <datafield tag="740" ind1="0" ind2=" ">
      <subfield code="a">Krafft und Thugent der Corallen.</subfield>
    </datafield>
    <datafield tag="752" ind1=" " ind2=" ">
      <subfield code="a">France</subfield>
      <subfield code="d">Strasbourg,</subfield>
      <subfield code="e">publication place.</subfield>
      <subfield code="4">pup</subfield>
    </datafield>
  </record>